Top 20 NHL Wingers 2025 - Statistics

General Stats
  • This quiz has been taken 3,041 times
    1,426 since last reset
  • The average score is 16 of 20
Answer Stats
# Team Winger % Correct
1 Lightning Nikita Kucherov
96%
12 Senators Brady Tkachuk
91%
2 Panthers Matthew Tkachuk
91%
10 Maple Leafs Mitch Marner
90%
5 Rangers Artemi Panarin
88%
4 Bruins David Pastrňák
88%
19 Capitals Alexander Ovechkin
87%
3 Avalanche Mikko Rantanen
87%
6 Stars Jason Robertson
86%
7 Wild Kirill Kaprizov
86%
8 Maple Leafs William Nylander
86%
18 Bruins Brad Marchand
81%
17 Utah HC Clayton Keller
77%
15 Jets Kyle Connor
77%
14 Predators Filip Forsberg
76%
9 Panthers Sam Reinhart
76%
11 Oilers Zach Hyman
76%
13 Predators Steven Stamkos
74%
16 Lightning Jake Guentzel
58%
20 Flyers Travis Konecny
56%
No matching quizzes found
Score Distribution
Percent of People with Each Score
Percentile by Number Answered
Your Score History
You have not taken this quiz since the last reset